[Event "FRA-chT3 0405"]
[Site "France"]
[Date "2004.11.07"]
[Round "2"]
[White "Boizard, Antoine"]
[Black "Le Derf, Francis"]
[Result "1-0"]
[WhiteElo "1640"]
[BlackElo "1410"]
[PlyCount "139"]
[EventDate "2004.10.10"]
[EventType "team"]
[EventRounds "9"]
[EventCountry "FRA"]
[SourceTitle "EXT 2007"]
[Source "ChessBase"]
[SourceDate "2006.11.23"]
[SourceVersion "1"]
[SourceVersionDate "2006.11.23"]
[SourceQuality "1"]

1. d4 g6 2. c4 Bg7 3. e4 d6 4. Nc3 Nf6 5. Nf3 0-0 6. Bg5 Bg4 7. Be2 c6 8. Qb3 Qc7 9. 0-0 Bxf3 10. Bxf3 Nbd7 11. Rfe1 e5 12. d5 Ne8 13. Qa3 f5 14. b4 fxe4 15. Nxe4 Ndf6 16. Nc3 Nd7 17. Be3 Nef6 18. Rad1 Rfe8 19. g3 e4 20. Bg2 Ne5 21. Bxe4 Nxc4 22. Qb3 Nxe4 23. Qxc4 Nxc3 24. Rc1 Re4 25. Qd3 Rxe3 26. Qxe3 Nxd5 27. Qe6+ Kf8 28. Qxd5 Qd7 29. Qd2 Rd8 30. Rcd1 d5 31. Qe3 b6 32. Re2 d4 33. Qf4+ Qf7 34. Qxf7+ Kxf7 35. Rd3 c5 36. bxc5 bxc5 37. Rc2 Rc8 38. Rc4 Ke6 39. Kf1 Kd5 40. Ra4 Rc7 41. Ra5 Kc4 42. Raa3 Kd5 43. Ra5 Bf6 44. Rb5 Kc6 45. a4 a6 46. Rb1 Rb7 47. Rc1 Kd5 48. Rd2 Bg5 49. f4 Bf6 50. Rdc2 Rc7 51. Ke2 c4 52. Rd2 d3+ 53. Ke3 Bd4+ 54. Kf3 Bc5 55. h3 Bb4 56. Rxd3+ cxd3 57. Rxc7 d2 58. Ke2 a5 59. Rxh7 Kc4 60. Rh6 Kb3 61. Rxg6 Kc2 62. Rc6+ Bc3 63. Rd6 Kc1 64. g4 Kb2 65. f5 Kb3 66. f6 Kxa4 67. f7 Bg7 68. Kxd2 Kb3 69. Rb6+ Ka3 70. g5 1-0